[Event "World-chT Rapid"]
[Site "Dusseldorf"]
[Date "2023.08.27"]
[Round "8.12"]
[White "Grineva, Marianna"]
[Black "Njoroge, Martin"]
[Result "0-1"]
[WhiteElo "2033"]
[BlackElo "1870"]
[PlyCount "94"]
[EventDate "2023.08.26"]
[EventType "team-swiss (rapid)"]
[EventRounds "12"]
[EventCountry "GER"]
[SourceTitle "CBM 215 Extra"]
[Source "ChessBase"]
[SourceDate "2023.09.30"]
[SourceVersion "1"]
[SourceVersionDate "2023.09.30"]
[SourceQuality "1"]
[WhiteTeam "Ukraine Amators"]
[BlackTeam "Kenya Commercial Bank"]
[WhiteTeamCountry "UKR"]
[BlackTeamCountry "KEN"]

1. e4 c6 2. d4 d5 3. e5 c5 4. dxc5 Nc6 5. Bb5 e6 6. Be3 Bd7 7. Bxc6 Bxc6 8. Nf3 Qa5+ 9. c3 Qa6 10. Nbd2 Ne7 11. Nd4 g6 12. N2f3 Nf5 13. Nxf5 gxf5 14. b4 Ba4 15. Qd2 Rg8 16. g3 Rc8 17. Nd4 Bg7 18. f4 b6 19. cxb6 axb6 20. Kf2 Ke7 21. Rhc1 Rc7 22. b5 Bxb5 23. Nxb5 Qxb5 24. Rab1 Qa4 25. Rb4 Qa3 26. Rb3 Qa4 27. Bxb6 Rc6 28. Bd4 Ra8 29. Rb7+ Kf8 30. Rc2 Kg8 31. Rcb2 Bf8 32. Qe2 Bc5 33. Bxc5 Rxc5 34. Qh5 Rf8 35. Qg5+ Kh8 36. Qe7 Rcc8 37. Qb4 Qc6 38. Rc2 Kg8 39. a4 Qa6 40. Rb6 Qd3 41. Qb2 Rc4 42. Rb4 Rfc8 43. Rd2 Qe4 44. Rd4 Qh1 45. Qb3 Qxh2+ 46. Kf1 Rxc3 47. Qd1 Rc1 0-1

[Event "World-chT Rapid"]
[Site "Dusseldorf"]
[Date "2023.08.27"]
[Round "7.7"]
[White "Gumularz, Szymon"]
[Black "Grineva, Marianna"]
[Result "1-0"]
[WhiteElo "2588"]
[BlackElo "2033"]
[PlyCount "85"]
[EventDate "2023.08.26"]
[EventType "team-swiss (rapid)"]
[EventRounds "12"]
[EventCountry "GER"]
[SourceTitle "CBM 215 Extra"]
[Source "ChessBase"]
[SourceDate "2023.09.30"]
[SourceVersion "1"]
[SourceVersionDate "2023.09.30"]
[SourceQuality "1"]
[WhiteTeam "Krakow Columbus Energy"]
[BlackTeam "Ukraine Amators"]
[WhiteTeamCountry "POL"]
[BlackTeamCountry "UKR"]

1. c4 e5 2. g3 Nc6 3. Bg2 f5 4. Nc3 Nf6 5. b3 Be7 6. Bb2 0-0 7. e3 Qe8 8. Nge2 d6 9. Rc1 Bd8 10. 0-0 Qh5 11. f4 g5 12. Nd5 Be6 13. fxe5 dxe5 14. Nec3 Qh6 15. Nxf6+ Bxf6 16. Nd5 Bd8 17. b4 Bxd5 18. Bxd5+ Kh8 19. b5 Nb4 20. Bxb7 Rb8 21. Bg2 Nd3 22. Ba3 Rf7 23. Rc3 e4 24. Bxe4 Ne5 25. Bd5 Ng4 26. Qxg4 fxg4 27. Rxf7 Bf6 28. Rc1 Re8 29. Rf1 Bg7 30. Bc5 Qg6 31. Rxg7 Kxg7 32. Bd4+ Kh6 33. Rf6 Qxf6 34. Bxf6 Kg6 35. Bd4 h5 36. Bxa7 h4 37. a4 Rf8 38. a5 hxg3 39. hxg3 Kf5 40. Bc5 Rd8 41. a6 Ke5 42. d4+ Kf6 43. a7 1-0

[Event "World-chT Rapid"]
[Site "Dusseldorf"]
[Date "2023.08.26"]
[Round "3.10"]
[White "Grineva, Marianna"]
[Black "Sadvakasov, Darmen"]
[Result "0-1"]
[WhiteElo "2033"]
[BlackElo "2629"]
[PlyCount "86"]
[EventDate "2023.08.26"]
[EventType "team-swiss (rapid)"]
[EventRounds "12"]
[EventCountry "GER"]
[SourceTitle "CBM 215 Extra"]
[Source "ChessBase"]
[SourceDate "2023.09.30"]
[SourceVersion "1"]
[SourceVersionDate "2023.09.30"]
[SourceQuality "1"]
[WhiteTeam "Ukraine Amators"]
[BlackTeam "Chess Pensioners"]
[WhiteTeamCountry "UKR"]
[BlackTeamCountry "USA"]

1. e4 c5 2. Nf3 d6 3. d4 cxd4 4. Nxd4 Nf6 5. Nc3 a6 6. f3 e5 7. Nb3 Be6 8. Nd5 Bxd5 9. exd5 Nbd7 10. Be3 g6 11. c4 a5 12. Rc1 a4 13. Na1 Bg7 14. Nc2 0-0 15. Be2 Nh5 16. 0-0 Nf4 17. g3 Nxe2+ 18. Qxe2 f5 19. Na3 f4 20. Bf2 fxg3 21. hxg3 Nf6 22. Be3 Qd7 23. Kg2 e4 24. Nb5 exf3+ 25. Rxf3 Ng4 26. Bd4 Rxf3 27. Qxf3 Rf8 28. Qe4 Re8 29. Qf3 h5 30. Rc3 Kh7 31. Bxg7 Qxg7 32. Nxd6 Rf8 33. Qe4 Qf6 34. Rf3 Qxb2+ 35. Kg1 Qh2+ 36. Kf1 Qh1+ 37. Ke2 Qg2+ 38. Kd1 Qxf3+ 39. Qxf3 Rxf3 40. Nxb7 Rxg3 41. d6 h4 42. Ke2 Ne5 43. c5 h3 0-1

[Event "EU-ch Rapid"]
[Site "Katowice"]
[Date "2022.12.18"]
[Round "9"]
[White "Grineva, Marianna"]
[Black "Brilej, Jaka"]
[Result "0-1"]
[WhiteElo "2020"]
[BlackElo "2336"]
[PlyCount "124"]
[EventDate "2022.12.17"]
[EventType "swiss (rapid)"]
[EventRounds "11"]
[EventCountry "POL"]
[SourceTitle "CBM 211 Extra"]
[Source "ChessBase"]
[SourceDate "2023.01.31"]
[SourceVersion "1"]
[SourceVersionDate "2023.01.31"]
[SourceQuality "1"]

1. e4 c6 2. d4 d5 3. f3 dxe4 4. fxe4 e5 5. Nf3 Bg4 6. Bc4 Nd7 7. 0-0 Ngf6 8. c3 Bd6 9. h3 Bxf3 10. Rxf3 0-0 11. Qd3 Qe7 12. Bg5 exd4 13. cxd4 Qxe4 14. Nd2 Qxd3 15. Bxd3 h6 16. Nc4 Bc7 17. Bf4 Bxf4 18. Rxf4 Nd5 19. Rf3 N7f6 20. Nd6 Rab8 21. Re1 Rfd8 22. Nf5 Re8 23. Ref1 Re6 24. a3 a5 25. Rc1 Rbe8 26. Rc5 b6 27. Rc2 h5 28. Rg3 g6 29. Rg5 Kf8 30. Nh4 Kg7 31. Nf3 Nf4 32. Ba6 R8e7 33. Ne5 Rd6 34. Nxc6 Rc7 35. Bb5 Ne6 36. Rg3 Ne4 37. Re3 f5 38. Kh2 h4 39. a4 Nf4 40. Re1 Nd5 41. Rec1 Ne3 42. Re2 f4 43. b3 Ng3 44. Rf2 g5 45. Rc3 Ne4 46. Rfc2 Nxc3 47. Rxc3 Kf6 48. Rc1 Rxd4 49. Kg1 Rd2 50. Rc3 Rxg2+ 51. Kh1 Rd2 52. Rc1 Rd1+ 53. Rxd1 Nxd1 54. Kg2 Rd7 55. Kf3 Rd2 56. Bc4 Rh2 57. Nd4 Rxh3+ 58. Kg4 Rg3+ 59. Kh5 h3 60. Ne2 h2 61. Nxg3 fxg3 62. Bd5 Ne3 0-1

[Event "EU-ch Blitz"]
[Site "Katowice"]
[Date "2022.12.16"]
[Round "19"]
[White "Grineva, Marianna"]
[Black "Solys, Laimutis"]
[Result "0-1"]
[WhiteElo "2020"]
[BlackElo "2289"]
[PlyCount "64"]
[EventDate "2022.12.16"]
[EventType "swiss (blitz)"]
[EventRounds "22"]
[EventCountry "POL"]
[SourceTitle "CBM 211 Extra"]
[Source "ChessBase"]
[SourceDate "2023.01.31"]
[SourceVersion "1"]
[SourceVersionDate "2023.01.31"]
[SourceQuality "1"]

1. e4 d6 2. d4 Nf6 3. Nc3 e5 4. Nf3 Nbd7 5. g4 g6 6. g5 Nh5 7. h4 Bg7 8. Be2 0-0 9. Be3 c6 10. dxe5 dxe5 11. Qd2 Qe7 12. 0-0-0 Nc5 13. Ne1 Nf4 14. f3 Nxe2+ 15. Qxe2 Ne6 16. Ng2 b5 17. Qf2 a5 18. Rdg1 a4 19. h5 b4 20. Ne2 b3 21. a3 bxc2 22. Qh4 Bh8 23. Ng3 Nd4 24. Bxd4 exd4 25. Ne1 Ba6 26. Nxc2 d3 27. Ne3 d2+ 28. Kb1 Bd3+ 29. Ka2 Qe6+ 30. Ka1 Bxb2+ 31. Kxb2 Qb3+ 32. Ka1 Qxa3# 0-1

[Event "EU-ch Blitz"]
[Site "Katowice"]
[Date "2022.12.16"]
[Round "20"]
[White "Solys, Laimutis"]
[Black "Grineva, Marianna"]
[Result "1/2-1/2"]
[WhiteElo "2289"]
[BlackElo "2020"]
[PlyCount "150"]
[EventDate "2022.12.16"]
[EventType "swiss (blitz)"]
[EventRounds "22"]
[EventCountry "POL"]
[SourceTitle "CBM 211 Extra"]
[Source "ChessBase"]
[SourceDate "2023.01.31"]
[SourceVersion "1"]
[SourceVersionDate "2023.01.31"]
[SourceQuality "1"]

1. e4 d6 2. d4 g6 3. Nc3 Bg7 4. Bc4 e6 5. Be3 a6 6. Nf3 b5 7. Bd3 Bb7 8. Qd2 Nd7 9. 0-0 h6 10. a4 b4 11. Ne2 a5 12. c3 bxc3 13. bxc3 Ne7 14. Rab1 Bc6 15. Bc2 Nb6 16. Qd1 Nc4 17. Bc1 0-0 18. Ng3 Qd7 19. h4 f5 20. exf5 exf5 21. Bb3 Bd5 22. Re1 Rab8 23. Qe2 Rfe8 24. Bxc4 Rxb1 25. Bxd5+ Nxd5 26. Qxe8+ Qxe8 27. Rxe8+ Kf7 28. Re1 Nxc3 29. Bd2 Rxe1+ 30. Bxe1 Nxa4 31. Bxa5 c5 32. dxc5 dxc5 33. Nd2 Ke6 34. Kf1 Nb2 35. Ke2 c4 36. Nb1 Na4 37. Nf1 Kd5 38. Ne3+ Kc5 39. Nc2 Kb5 40. Bd8 Nc5 41. Nba3+ Ka4 42. Nxc4 Kb3 43. N2e3 Ne6 44. Bb6 Bf6 45. g3 f4 46. gxf4 Nxf4+ 47. Kf3 Nd3 48. Nd2+ Kb2 49. Ng2 Ne5+ 50. Ke4 Nd7 51. Bd4+ Kc2 52. Nc4 Bxd4 53. Kxd4 Nf6 54. Nge3+ Kb1 55. Ke5 Nh5 56. Ng4 g5 57. hxg5 hxg5 58. Kf5 Nf4 59. Nd2+ Kc2 60. Ne4 Kd1 61. Nxg5 Nd3 62. f3 Ke2 63. Ne4 Kf1 64. Ng3+ Kg2 65. Ne2 Kf1 66. Nd4 Kg2 67. Ne3+ Kf2 68. Nd1+ Ke1 69. Nc3 Kf2 70. Ke4 Nc5+ 71. Kd5 Nd3 72. Nd1+ Kg3 73. Ne3 Ne1 74. Nef5+ Kf4 75. Nh4 Nxf3 1/2-1/2

[Event "EU-ch (Women) 22nd"]
[Site "Prague"]
[Date "2022.08.29"]
[Round "9"]
[White "Pipiras, Filipa Fortuna"]
[Black "Grineva, Marianna"]
[Result "1-0"]
[WhiteElo "2135"]
[BlackElo "2006"]
[PlyCount "77"]
[EventDate "2022.08.20"]
[EventType "swiss"]
[EventRounds "11"]
[EventCountry "CZE"]
[SourceTitle "CBM 209 Extra"]
[Source "ChessBase"]
[SourceDate "2022.09.30"]
[SourceVersion "1"]
[SourceVersionDate "2022.09.30"]
[SourceQuality "1"]

1. d4 g6 2. c4 Bg7 3. Nc3 c5 4. d5 Bxc3+ 5. bxc3 Qa5 6. e4 Nf6 7. f3 d6 8. Qc2 Nbd7 9. Bd2 h5 10. f4 Nb6 11. Bd3 Bd7 12. e5 Ng4 13. h3 Nh6 14. e6 fxe6 15. Bxg6+ Kd8 16. Nf3 Qa4 17. Qxa4 Nxa4 18. g4 exd5 19. g5 Nf5 20. cxd5 Kc7 21. c4 Rag8 22. Bf7 Rg7 23. g6 Nh6 24. Ng5 Nf5 25. Kf2 Nh4 26. Rae1 Nxg6 27. Rhg1 Nf8 28. Rxe7 Kd8 29. Ree1 Rh6 30. Ne6+ Nxe6 31. dxe6 Rxg1 32. e7+ Kc7 33. Kxg1 Nb2 34. e8Q Bxe8 35. Rxe8 Nd3 36. f5 Rf6 37. Be6 Ne5 38. Kg2 Nxc4 39. Bg5 1-0

[Event "EU-ch (Women) 22nd"]
[Site "Prague"]
[Date "2022.08.27"]
[Round "7"]
[White "Grineva, Marianna"]
[Black "Pribylova, Sofie"]
[Result "1-0"]
[WhiteElo "2006"]
[BlackElo "1981"]
[PlyCount "95"]
[EventDate "2022.08.20"]
[EventType "swiss"]
[EventRounds "11"]
[EventCountry "CZE"]
[SourceTitle "CBM 209 Extra"]
[Source "ChessBase"]
[SourceDate "2022.09.30"]
[SourceVersion "1"]
[SourceVersionDate "2022.09.30"]
[SourceQuality "1"]

1. e4 c5 2. Nf3 d6 3. Nc3 a6 4. d4 cxd4 5. Nxd4 Nf6 6. f3 e5 7. Nb3 Be6 8. Nd5 Bxd5 9. exd5 Nbd7 10. Be3 h5 11. Qd2 g6 12. Na5 Qc7 13. c4 Bg7 14. Be2 0-0 15. Rc1 b6 16. Nc6 a5 17. 0-0 Nb8 18. Nxb8 Raxb8 19. a3 Nd7 20. Bd1 f5 21. Kh1 Nf6 22. Ba4 Qf7 23. Bc6 f4 24. Bg1 h4 25. b4 axb4 26. axb4 Nh5 27. Bf2 Ng3+ 28. Bxg3 fxg3 29. Qg5 Qf6 30. Qg4 Bh6 31. Ra1 Rf7 32. Bd7 Kg7 33. Rfd1 gxh2 34. c5 bxc5 35. bxc5 h3 36. c6 hxg2+ 37. Qxg2 e4 38. fxe4 Rb2 39. Qg3 Bf4 40. Qf3 Qe5 41. Rf1 Rc2 42. Be6 Rf6 43. Ra7+ Kf8 44. Bf5 gxf5 45. Qxf4 Qd4 46. Rd7 Ke8 47. Qh4 Rg6 48. Qe7# 1-0

[Event "EU-ch (Women) 22nd"]
[Site "Prague"]
[Date "2022.08.25"]
[Round "6"]
[White "Hrebenshchykova, Yelyzaveta"]
[Black "Grineva, Marianna"]
[Result "1-0"]
[WhiteElo "2123"]
[BlackElo "2006"]
[PlyCount "87"]
[EventDate "2022.08.20"]
[EventType "swiss"]
[EventRounds "11"]
[EventCountry "CZE"]
[SourceTitle "CBM 209 Extra"]
[Source "ChessBase"]
[SourceDate "2022.09.30"]
[SourceVersion "1"]
[SourceVersionDate "2022.09.30"]
[SourceQuality "1"]

1. d4 f5 2. c4 Nf6 3. Nf3 g6 4. g3 Bg7 5. Bg2 0-0 6. 0-0 d6 7. Nc3 Qe8 8. d5 Na6 9. Nd4 Bd7 10. Rb1 c6 11. b4 Rc8 12. dxc6 bxc6 13. b5 cxb5 14. cxb5 Rxc3 15. bxa6 Ne4 16. Be3 Ra3 17. Qc1 Rxa2 18. Rb7 Ra4 19. Bxe4 fxe4 20. Rd1 Bf6 21. Qc2 Qc8 22. Rc7 Qd8 23. Rxa7 d5 24. Qb3 Rc4 25. Nb5 Be6 26. Nd4 Bg4 27. Qb7 Qa5 28. Nc6 Qa4 29. Nxe7+ Bxe7 30. Qxd5+ Rf7 31. Rxe7 Qxd1+ 32. Qxd1 Rxe7 33. Qd8+ Kf7 34. a7 Rc8 35. Qxc8 Bxc8 36. a8Q Bf5 37. Qd5+ Re6 38. Kg2 h5 39. Bc5 Ke8 40. Qa8+ Kd7 41. Qb7+ Kd8 42. Be3 Ke8 43. Bg5 Kf8 44. Qd7 1-0

[Event "EU-ch (Women) 22nd"]
[Site "Prague"]
[Date "2022.08.23"]
[Round "4"]
[White "Grineva, Marianna"]
[Black "Antova, Gabriela"]
[Result "0-1"]
[WhiteElo "2006"]
[BlackElo "2269"]
[PlyCount "78"]
[EventDate "2022.08.20"]
[EventType "swiss"]
[EventRounds "11"]
[EventCountry "CZE"]
[SourceTitle "CBM 209 Extra"]
[Source "ChessBase"]
[SourceDate "2022.09.30"]
[SourceVersion "1"]
[SourceVersionDate "2022.09.30"]
[SourceQuality "1"]

1. e4 c5 2. Nf3 d6 3. d4 cxd4 4. Nxd4 Nf6 5. Nc3 a6 6. f3 e6 7. Be3 h5 8. Qd2 Be7 9. Be2 b5 10. a3 Bb7 11. 0-0 Nbd7 12. Rfd1 Rc8 13. a4 b4 14. Na2 d5 15. Nxb4 a5 16. Nd3 dxe4 17. Nf4 0-0 18. Ndxe6 fxe6 19. Nxe6 Qe8 20. Nxf8 Nxf8 21. fxe4 Bxe4 22. Bd3 Bb7 23. Re1 Qc6 24. Re2 Ng4 25. Bb5 Qc7 26. Bf4 Qc5+ 27. Kh1 Ng6 28. h3 Nxf4 29. Qxf4 Bd6 30. Qd2 Nf6 31. Rae1 Kh8 32. Re6 Bg3 33. R1e2 Qf5 34. Qe3 Qxh3+ 35. Kg1 Qh2+ 36. Kf1 Rf8 37. Rf2 Bxf2 38. Qxf2 Nd7 39. Bxd7 Qxg2+ 0-1

[Event "Speed Chess (Women) Q2"]
[Site "Chess.com INT"]
[Date "2022.05.26"]
[Round "3"]
[White "Avramidou, Anastasia"]
[Black "Grineva, Marianna"]
[Result "1-0"]
[WhiteElo "2274"]
[BlackElo "2006"]
[PlyCount "103"]
[EventDate "2022.05.26"]
[EventType "swiss (blitz)"]
[EventRounds "14"]
[EventCountry "USA"]
[SourceTitle "CBM 208 Extra"]
[Source "ChessBase"]
[SourceDate "2022.07.31"]
[SourceVersion "1"]
[SourceVersionDate "2022.07.31"]
[SourceQuality "1"]

1. d4 Nf6 2. c4 g6 3. Nc3 Bg7 4. e4 d6 5. Bd3 0-0 6. Nge2 e5 7. d5 Nbd7 8. 0-0 a5 9. Bc2 Nc5 10. f3 Bd7 11. Be3 b6 12. b3 Nh5 13. a3 f5 14. exf5 gxf5 15. b4 Nb7 16. Qd2 Qf6 17. Kh1 Nd8 18. c5 bxc5 19. bxc5 Nf7 20. c6 Bc8 21. Nb5 Qe7 22. a4 Kh8 23. Rae1 Rg8 24. f4 e4 25. Ned4 Nh6 26. Ne6 Bxe6 27. dxe6 Qxe6 28. Nxc7 Qg6 29. Nxa8 Rxa8 30. c7 Rc8 31. Bb6 Ng4 32. Bd1 Nhf6 33. Bxg4 Nxg4 34. h3 Qh6 35. Rc1 Qh4 36. Qe1 Qh6 37. Qg3 Nf6 38. Bd4 Nd5 39. Bxg7+ Qxg7 40. Qxg7+ Kxg7 41. Rfd1 Nxf4 42. Rxd6 Kf7 43. Rd8 Rxc7 44. Rxc7+ Kf6 45. Rd1 Kg5 46. Rc5 Ne2 47. Rxa5 Ng3+ 48. Kh2 Nh5 49. Rxf5+ Kxf5 50. g4+ Kf4 51. gxh5 e3 52. a5 1-0

[Event "Speed Chess (Women) Q2"]
[Site "Chess.com INT"]
[Date "2022.05.26"]
[Round "4"]
[White "Chitlange, Sakshi"]
[Black "Grineva, Marianna"]
[Result "1-0"]
[WhiteElo "2216"]
[BlackElo "2006"]
[PlyCount "77"]
[EventDate "2022.05.26"]
[EventType "swiss (blitz)"]
[EventRounds "14"]
[EventCountry "USA"]
[SourceTitle "CBM 208 Extra"]
[Source "ChessBase"]
[SourceDate "2022.07.31"]
[SourceVersion "1"]
[SourceVersionDate "2022.07.31"]
[SourceQuality "1"]

1. d4 Nf6 2. c4 d6 3. Nc3 Nbd7 4. e4 e5 5. Nf3 exd4 6. Nxd4 Be7 7. Be2 0-0 8. 0-0 Nc5 9. f3 a5 10. Kh1 c6 11. Be3 Re8 12. Qd2 Qc7 13. Rad1 Be6 14. Bf4 Rad8 15. b3 Nh5 16. Be3 Bc8 17. f4 Nf6 18. Bf3 Bg4 19. Bxg4 Nxg4 20. Bg1 Bf6 21. h3 Nh6 22. Rfe1 Bh4 23. Bf2 Bxf2 24. Qxf2 f6 25. Re3 Nf7 26. Rde1 a4 27. b4 Na6 28. a3 Ra8 29. Nf5 Nd8 30. h4 Ne6 31. Rg3 Kh8 32. h5 Rg8 33. Qf3 d5 34. cxd5 Nxf4 35. d6 Qf7 36. Qxf4 Qxh5+ 37. Rh3 Qg6 38. Ne7 Qf7 39. Rxh7+ 1-0

[Event "Speed Chess (Women) Q2"]
[Site "Chess.com INT"]
[Date "2022.05.26"]
[Round "11"]
[White "Grineva, Marianna"]
[Black "Hernandez Bonilla, Amelia"]
[Result "0-1"]
[WhiteElo "2006"]
[BlackElo "2002"]
[PlyCount "78"]
[EventDate "2022.05.26"]
[EventType "swiss (blitz)"]
[EventRounds "14"]
[EventCountry "USA"]
[SourceTitle "CBM 208 Extra"]
[Source "ChessBase"]
[SourceDate "2022.07.31"]
[SourceVersion "1"]
[SourceVersionDate "2022.07.31"]
[SourceQuality "1"]

1. e4 c5 2. Nf3 d6 3. Nc3 Nc6 4. d4 cxd4 5. Nxd4 Nf6 6. Be3 e5 7. Ndb5 a6 8. Na3 b5 9. Bxb5 axb5 10. Naxb5 Be7 11. 0-0 0-0 12. a4 Ng4 13. Nd5 Nxe3 14. fxe3 Be6 15. Nxe7+ Qxe7 16. Qxd6 Qxd6 17. Nxd6 Rfd8 18. Nb7 Rd2 19. Rf2 Rxf2 20. Kxf2 Kf8 21. b3 Ke7 22. Nc5 Nb4 23. c4 Rc8 24. Nxe6 Kxe6 25. Rd1 Rb8 26. Kf3 Nc2 27. c5 Rxb3 28. Rd6+ Ke7 29. Rd5 Rxe3+ 30. Kf2 Rxe4 31. a5 Rc4 32. Rxe5+ Kf6 33. Rd5 Nb4 34. Rd6+ Ke7 35. Rb6 Nd3+ 36. Ke3 Nxc5 37. a6 Re4+ 38. Kd2 Ra4 39. Rc6 Nxa6 0-1

[Event "Speed Chess (Women) Q2"]
[Site "Chess.com INT"]
[Date "2022.05.26"]
[Round "5"]
[White "Grineva, Marianna"]
[Black "Shvedova, Alexandra"]
[Result "0-1"]
[WhiteElo "2006"]
[BlackElo "2040"]
[PlyCount "110"]
[EventDate "2022.05.26"]
[EventType "swiss (blitz)"]
[EventRounds "14"]
[EventCountry "USA"]
[SourceTitle "CBM 208 Extra"]
[Source "ChessBase"]
[SourceDate "2022.07.31"]
[SourceVersion "1"]
[SourceVersionDate "2022.07.31"]
[SourceQuality "1"]

1. e4 c5 2. Nf3 d6 3. Be2 Nf6 4. d3 Nc6 5. 0-0 g6 6. Nbd2 Bg7 7. h3 0-0 8. Nh2 d5 9. c3 e5 10. Qc2 Be6 11. Ndf3 Qc7 12. Ng5 Bd7 13. f4 h6 14. Ngf3 exf4 15. h4 dxe4 16. dxe4 Rae8 17. Bd3 c4 18. Bxc4 Nxe4 19. Re1 Bf5 20. Qb3 Na5 21. Bxf7+ Rxf7 22. Qa4 Rff8 23. Bxf4 Qxf4 24. Qxa5 Nd2 25. Qd5+ Kh7 26. Qxb7 Nxf3+ 27. Nxf3 Be4 28. Qd7 Rd8 29. Qxa7 Bxf3 30. Re7 Rg8 31. Rf7 Qxh4 32. Rxf3 Rgf8 33. Raf1 Rxf3 34. Rxf3 Rd1+ 35. Rf1 Rxf1+ 36. Kxf1 Qf4+ 37. Ke2 Qe4+ 38. Kf2 Qc2+ 39. Kf3 Qxb2 40. c4 Qc3+ 41. Ke2 Qxc4+ 42. Ke1 h5 43. a4 Kh6 44. Qe3+ Kh7 45. Qb6 Qe4+ 46. Kd2 Qxg2+ 47. Kd3 Qd5+ 48. Kc2 Qc4+ 49. Kb1 Qxa4 50. Qb7 Qa1+ 51. Kc2 Qb2+ 52. Qxb2 Bxb2 53. Kxb2 h4 54. Kc2 h3 55. Kd3 h2 0-1

[Event "Titled Tuesday intern op 15th Feb Early"]
[Site "Chess.com INT"]
[Date "2022.02.15"]
[Round "6"]
[White "Grineva, Marianna"]
[Black "Desideri, Ricardo Maruchi"]
[Result "1-0"]
[WhiteElo "1973"]
[BlackElo "1939"]
[PlyCount "59"]
[EventDate "2022.02.15"]
[EventType "swiss (blitz)"]
[EventRounds "11"]
[EventCountry "USA"]
[SourceTitle "CBM 206 Extra"]
[Source "ChessBase"]
[SourceDate "2022.03.31"]
[SourceVersion "1"]
[SourceVersionDate "2022.03.31"]
[SourceQuality "1"]

1. e4 c5 2. Nf3 d6 3. Nc3 Nf6 4. d4 cxd4 5. Nxd4 a6 6. f3 e6 7. Be3 b5 8. Qd2 Bb7 9. a4 b4 10. Nce2 d5 11. e5 Nfd7 12. f4 Nc5 13. Ng3 Nbd7 14. Be2 Be7 15. 0-0 Ne4 16. Nxe4 dxe4 17. Rad1 Nb6 18. b3 Nd5 19. Kh1 0-0 20. f5 Nc3 21. Rde1 Qc7 22. f6 Bc5 23. fxg7 Rfd8 24. Bh5 Rd7 25. Qf2 Nd5 26. Nxe6 Bxe3 27. Rxe3 Nxe3 28. Nxc7 Nxf1 29. Nxa8 Bxa8 30. Qxf1 1-0

[Event "Titled Tuesday intern op 15th Feb Early"]
[Site "Chess.com INT"]
[Date "2022.02.15"]
[Round "8"]
[White "Grineva, Marianna"]
[Black "Loy, Konstantin"]
[Result "0-1"]
[WhiteElo "1973"]
[BlackElo "2268"]
[PlyCount "72"]
[EventDate "2022.02.15"]
[EventType "swiss (blitz)"]
[EventRounds "11"]
[EventCountry "USA"]
[SourceTitle "CBM 206 Extra"]
[Source "ChessBase"]
[SourceDate "2022.03.31"]
[SourceVersion "1"]
[SourceVersionDate "2022.03.31"]
[SourceQuality "1"]

1. e4 c5 2. Be2 g6 3. d3 Bg7 4. f4 Nc6 5. Nf3 e6 6. 0-0 Nge7 7. Qe1 0-0 8. c3 d5 9. Na3 c4 10. e5 cxd3 11. Bxd3 f6 12. exf6 Bxf6 13. Be3 Nf5 14. Bc5 Rf7 15. Nb5 a6 16. Na3 b6 17. Bf2 Bd7 18. Rd1 b5 19. Nc2 Rc8 20. Ne3 Nd6 21. Ng4 Bg7 22. g3 Nc4 23. Qe2 Qa5 24. b3 Nd6 25. c4 dxc4 26. bxc4 Nxc4 27. Bxc4 bxc4 28. Qxc4 Ne5 29. Qxc8+ Bxc8 30. Ngxe5 Bxe5 31. Nxe5 Rf8 32. Rd6 Bb7 33. Rfd1 Bd5 34. a3 Qxa3 35. Rd7 Qa4 36. Rd4 Qa1+ 0-1

[Event "Titled Tuesday intern op 15th Feb Early"]
[Site "Chess.com INT"]
[Date "2022.02.15"]
[Round "11"]
[White "Grineva, Marianna"]
[Black "Matveeva, Olga"]
[Result "1-0"]
[WhiteElo "1973"]
[BlackElo "2171"]
[PlyCount "91"]
[EventDate "2022.02.15"]
[EventType "swiss (blitz)"]
[EventRounds "11"]
[EventCountry "USA"]
[SourceTitle "CBM 206 Extra"]
[Source "ChessBase"]
[SourceDate "2022.03.31"]
[SourceVersion "1"]
[SourceVersionDate "2022.03.31"]
[SourceQuality "1"]

1. e4 e6 2. d4 d5 3. Nd2 c5 4. exd5 Qxd5 5. Ngf3 cxd4 6. Bc4 Qd6 7. 0-0 Nf6 8. Nb3 Nc6 9. Nbxd4 Nxd4 10. Nxd4 Be7 11. c3 0-0 12. Qe2 Qc7 13. Bb3 a5 14. a4 Bd7 15. Bc2 Qb6 16. Qd3 Rfd8 17. Bg5 g6 18. Qf3 e5 19. Nb5 Bc6 20. Qe2 Qc5 21. Be3 Qd5 22. f3 Rac8 23. Rfd1 Qe6 24. Bb6 Rxd1+ 25. Rxd1 Nd5 26. Bf2 Nf4 27. Qf1 Qf6 28. h4 h5 29. Na7 Rd8 30. Nxc6 bxc6 31. Be4 Rxd1 32. Qxd1 Kg7 33. Qd7 Ne2+ 34. Kf1 Nf4 35. Qxc6 Ne6 36. Qd7 Qf4 37. Qxe7 Qc1+ 38. Be1 Qxb2 39. Bd5 Qb6 40. Bxe6 Qxe6 41. Qxe6 fxe6 42. c4 Kf6 43. Bxa5 Ke7 44. Bb4+ Kd7 45. a5 Kc6 46. Ke2 1-0

[Event "Titled Tuesday intern op 15th Feb Early"]
[Site "Chess.com INT"]
[Date "2022.02.15"]
[Round "9"]
[White "Grineva, Marianna"]
[Black "Ozdemir, Serhan Berat"]
[Result "0-1"]
[WhiteElo "1973"]
[BlackElo "2185"]
[PlyCount "146"]
[EventDate "2022.02.15"]
[EventType "swiss (blitz)"]
[EventRounds "11"]
[EventCountry "USA"]
[SourceTitle "CBM 206 Extra"]
[Source "ChessBase"]
[SourceDate "2022.03.31"]
[SourceVersion "1"]
[SourceVersionDate "2022.03.31"]
[SourceQuality "1"]

1. e4 c5 2. Be2 e6 3. d3 d5 4. f4 Nc6 5. Nf3 Nf6 6. e5 Ng8 7. 0-0 Nge7 8. c4 d4 9. Nbd2 Nf5 10. Ne4 h5 11. Nfg5 Be7 12. Bxh5 g6 13. Bf3 Qc7 14. Qe2 b6 15. Bd2 Bb7 16. Rae1 0-0-0 17. Nxf7 Bh4 18. Nxd8 Bxe1 19. Nxc6 Bxd2 20. Nxa7+ Kb8 21. Nb5 Qh7 22. Qxd2 Qxh2+ 23. Kf2 Qh4+ 24. Ke2 Bxe4 25. Bxe4 Ng3+ 26. Kd1 Nxf1 27. Qe2 Ne3+ 28. Kd2 Qxf4 29. Nd6 Rh1 30. g3 Nxc4+ 31. Kc2 Qc1+ 32. Kb3 Na5+ 33. Ka3 Qd1 34. Qxd1 Rxd1 35. Bxg6 Rg1 36. Be4 Rxg3 37. Nb5 Rg1 38. b4 cxb4+ 39. Kxb4 Nb7 40. a4 Nc5 41. Nd6 Nxe4 42. Nxe4 Rc1 43. Nd6 Kc7 44. Nf7 Kc6 45. Ng5 Kd5 46. Kb5 Rb1+ 47. Ka6 Kxe5 48. Nf3+ Kd5 49. Ng5 Ra1 50. Kb5 Rb1+ 51. Ka6 Rb4 52. Kb7 Rxa4 53. Kxb6 Ra3 54. Kb5 Rxd3 55. Kb4 Rc3 56. Nh7 Rc4+ 57. Kb3 Rc3+ 58. Kb2 e5 59. Nf6+ Kc4 60. Ng4 e4 61. Ne5+ Kd5 62. Ng4 Rg3 63. Nf6+ Ke5 64. Nd7+ Kd6 65. Nb6 e3 66. Nc4+ Kd5 67. Na3 Rg2+ 68. Nc2 e2 69. Nb4+ Kc4 70. Nc2 e1Q 71. Ka3 Qc3+ 72. Ka4 Qb3+ 73. Ka5 Qb5# 0-1

[Event "Titled Tuesday intern op 15th Feb Early"]
[Site "Chess.com INT"]
[Date "2022.02.15"]
[Round "1"]
[White "Sargsyan, Anna M"]
[Black "Grineva, Marianna"]
[Result "1-0"]
[WhiteElo "2380"]
[BlackElo "1973"]
[PlyCount "89"]
[EventDate "2022.02.15"]
[EventType "swiss (blitz)"]
[EventRounds "11"]
[EventCountry "USA"]
[SourceTitle "CBM 206 Extra"]
[Source "ChessBase"]
[SourceDate "2022.03.31"]
[SourceVersion "1"]
[SourceVersionDate "2022.03.31"]
[SourceQuality "1"]

1. d4 d6 2. c4 g6 3. g3 Bg7 4. Bg2 Nf6 5. Nc3 0-0 6. Nf3 Nc6 7. 0-0 a6 8. Qd3 Rb8 9. e4 b5 10. cxb5 axb5 11. Nxb5 Ba6 12. a4 Nb4 13. Qc3 c5 14. Re1 Bxb5 15. axb5 Rxb5 16. Qc4 Qb8 17. e5 d5 18. Qe2 Ne4 19. Ng5 Nxg5 20. Bxg5 e6 21. Be7 cxd4 22. Bxf8 Bxf8 23. Red1 d3 24. Qf3 Qxe5 25. Bf1 Nc2 26. Ra7 Qg7 27. Qxd3 Rxb2 28. Rc7 Nb4 29. Qf3 Nc2 30. Qf4 Rb4 31. Qd2 Nd4 32. Bg2 Qe5 33. Rc8 Ra4 34. h4 Kg7 35. Re1 Qf6 36. Qe3 Bd6 37. Rb1 Ra2 38. Rb6 Ne2+ 39. Kh2 Be5 40. Qg5 Qxg5 41. hxg5 Nd4 42. f4 Nf3+ 43. Kh3 Ng1+ 44. Kg4 Bd4 45. Rbb8 1-0